|
|
|
|
| LEADER |
00000nam0a2200000 4500 |
| 001 |
172973 |
| 005 |
20231031164407.0 |
| 035 |
|
|
|a (RuTPU)RU\TPU\book\187629
|
| 090 |
|
|
|a 172973
|
| 100 |
|
|
|a 20091217d1980 m y0rusy50 ca
|
| 101 |
0 |
|
|a rus
|
| 102 |
|
|
|a RU
|
| 105 |
|
|
|a y z 001zy
|
| 200 |
1 |
|
|a Методика крупномасштабного глубинного геологического картирования
|e методические рекомендации
|f Всероссийский научно-исследовательский геологический институт им. А. П. Карпинского (ВСЕГЕИ); под ред. А. С. Кумпана; В. М. Немцовича
|
| 210 |
|
|
|a Ленинград
|c Изд-во ВСЕГЕИ
|d 1980
|
| 215 |
|
|
|a 44 с.
|
| 320 |
|
|
|a Библиогр.: с. 41-42.
|
| 610 |
1 |
|
|a геологическое картирование
|
| 610 |
1 |
|
|a методика
|
| 610 |
1 |
|
|a геологические карты
|
| 610 |
1 |
|
|a требования
|
| 610 |
1 |
|
|a ЭВМ
|
| 610 |
1 |
|
|a обработка данных
|
| 675 |
|
|
|a 55:528(083)
|v 3
|
| 702 |
|
1 |
|a Кумпан
|b А. С.
|4 340
|
| 702 |
|
1 |
|a Немцович
|b В. М.
|4 340
|
| 712 |
0 |
2 |
|a Всероссийский научно-исследовательский геологический институт им. А. П. Карпинского (ВСЕГЕИ)
|c (Санкт-Петербург)
|2 stltpush
|3 (RuTPU)RU\TPU\col\414
|
| 801 |
|
1 |
|a RU
|b 63413507
|c 20091217
|
| 801 |
|
2 |
|a RU
|b 63413507
|c 20100125
|g RCR
|
| 942 |
|
|
|c BK
|